By design not accident (Record no. 85087)

MARC details
000 -LEADER
fixed length control field 01066cab a22002175a 4500
001 - CONTROL NUMBER
control field L159966
008 - FIXED-LENGTH DATA ELEMENTS--GENERAL INFORMATION
fixed length control field 150113e2016 xxk 000 0 eng d
035 ## - SYSTEM CONTROL NUMBER
System control number (Sirsi) u159966
041 0# - LANGUAGE CODE
Language code of text/sound track or separate title eng
050 ## - LIBRARY OF CONGRESS CALL NUMBER
Classification number 344.410465 $2 18
100 1# - MAIN ENTRY--PERSONAL NAME
Personal name Bussey, Paul
245 00 - TITLE STATEMENT
Title By design not accident
Medium [electronic resource]
260 ## - PUBLICATION, DISTRIBUTION, ETC.
Place of publication, distribution, etc. London
Name of publisher, distributor, etc. RICS
Date of publication, distribution, etc. 2016
490 ## - SERIES STATEMENT
Series statement RICS Building Surveying Journal
Volume/sequential designation December 2016 - January 2017, 20-21(2)
520 ## - SUMMARY, ETC.
Summary, etc. Explains the rationale for doing CDM Differently, an initiative intended to be a common-sense, intuitive and collaborative process to integrate CDM into architectural projects, and encourages the lead, active designer to incorporate the significant, project-specific health and safety and CDM issues into the creative design concept right from the start.
650 24 - SUBJECT ADDED ENTRY--TOPICAL TERM
Topical term or geographic name entry element CDM 2015
650 24 - SUBJECT ADDED ENTRY--TOPICAL TERM
Topical term or geographic name entry element CDM DIFFERENTY
690 ## - LOCAL SUBJECT ADDED ENTRY--TOPICAL TERM (OCLC, RLIN)
Topical term or geographic name as entry element Health and safety
9 (RLIN) 6244
856 40 - ELECTRONIC LOCATION AND ACCESS
Uniform Resource Identifier <a href="https://www.rics.org/Global/Building_Surveying_Journal_December_2016_January_2017.pdf">https://www.rics.org/Global/Building_Surveying_Journal_December_2016_January_2017.pdf</a>
Public note View the article free of charge at www.rics.org...
942 ## - ADDED ENTRY ELEMENTS (KOHA)
Suppress in OPAC 0
Holdings
Withdrawn status Lost status Source of classification or shelving scheme Damaged status Not for loan Home library Current library Shelving location Date acquired Total Checkouts Full call number Barcode Date last seen Copy number Price effective from Koha item type
    Dewey Decimal Classification     London London Journal article 12/04/2018   L159966 159966-1001 06/08/2019 1 06/08/2019 Journal article